00502nam a2200193Ia 450000500170000000800410001702000320005804000190009004100120010908200160012110000170013724500450015426000340019930000120023363000190024565000160026465100180028085000100029820180804115134.0131103s9999 xx 000 0 und d a571088570cGBP 14.99/Rs 789 aLoreto College aEnglish a821.91bELI aEliot, T. S. 4aThe complete poems and playscT. S Eliot aLondonbFaber and Faberc1969 a608 p.  aEnglish Poetry aEliot, T.S. aEnglish Drama aLCLIB